Attack on Titan Episodes - Statistics

General Stats
  • This quiz has been taken 36 times
  • The average score is 10 of 90
Answer Stats
Season Episode Title % Correct
4 80 From You, 2,000 Years Ago
55%
1 17 Female Titan
41%
2 31 Warrior
38%
3 58 Attack Titan
34%
2 26 Beast Titan
34%
3 54 Hero
34%
3 55 Midnight Sun
34%
4 65 The War Hammer Titan
34%
1 2 That Day
31%
3 57 That Day
31%
2 37 Scream
24%
4 78 Two Brothers
24%
2 36 Charge
21%
2 30 Historia
21%
3 56 The Basement
21%
4 85 Traitor
21%
4 79 Memories of the Future
17%
3 53 Perfect Game
17%
4 88 Special 1
17%
4 89 Special 2
17%
4 87 The Dawn of Humanity
17%
1 1 To You, 2,000 Years in the Future
17%
1 19 Bite
14%
4 64 Declaration of War
14%
1 20 Erwin Smith
14%
3 39 Pain
14%
2 29 Soldier
14%
2 28 Southwestward
14%
2 33 The Hunters
14%
1 7 The Small Blade
14%
1 6 The World the Girl Saw
14%
2 35 Children
10%
2 32 Close Combat
10%
1 21 Crushing Blow
10%
1 18 Forest of Giant Trees
10%
2 27 I'm Home
10%
2 34 Opening
10%
3 42 Reply
10%
3 43 Sin
10%
1 23 Smile
10%
1 25 The Wall
10%
3 51 Thunder Spears
10%
3 44 Wish
10%
4 67 Assassin's Bullet
7%
4 66 Assault
7%
3 48 Bystander
7%
4 70 Deceiver
7%
3 47 Friends
7%
1 24 Mercy
7%
4 61 Midnight Train
7%
3 40 Old Story
7%
4 83 Pride
7%
4 73 Savagery
7%
3 38 Smoke Signal
7%
4 82 Sunset
7%
1 22 The Defeated
7%
4 60 The Other Side of the Sea
7%
3 59 The Other Side of the Wall
7%
3 41 Trust
7%
1 12 Wound
7%
4 75 Above and Below
3%
4 68 Brave Volunteers
3%
4 72 Children of the Forest
3%
3 52 Descent
3%
1 5 First Battle
3%
4 76 Judgment
3%
3 45 Outside the Walls of Orvud District
3%
1 10 Response
3%
3 46 Ruler of the Walls
3%
4 77 Sneak Attack
3%
4 62 The Door of Hope
3%
3 50 The Town Where Everything Began
3%
1 3 A Dim Light in the Darkness of Despair
0%
4 69 A Sound Argument
0%
4 63 From One Hand to Another
0%
4 71 Guides
0%
1 8 Hearing the Heartbeat
0%
1 11 Icon
0%
3 49 Night of the Battle to Retake the Wall
0%
4 84 Night of the End
0%
1 4 Night of the Graduation Ceremony
0%
1 13 Primal Desires
0%
4 86 Retrospective
0%
1 13.5 Since That Day
0%
4 74 Sole Salvation
0%
1 15 Special Ops Squad
0%
1 14 Still Can't See
0%
4 81 Thaw
0%
1 16 What Should Be Done
0%
1 9 Where the Left Arm Went
0%
No matching quizzes found
Score Distribution
Percent of People with Each Score
Percentile by Number Answered
Your Score History
You have not taken this quiz